[Geometry Dash] Click the Star Rating - Official Levels - Statistics

General Stats
  • This quiz has been taken 117 times
  • The average score is 15 of 22
Answer Stats
Hint Answer % Correct
Stereo Madness 1★
91%
xStep 10★
91%
Time Machine 8★
91%
Dry Out 4★
89%
Polargeist 3★
87%
Base after Base 5★
87%
Cant Let Go 6★
87%
Jumper 7★
87%
Cycles 9★
87%
Theory of Everything 12★
83%
Back on Track 2★
83%
Clutterfunk 11★
81%
Deadlocked 15★
68%
Clubstep 14★
58%
Electrodynamix 12★
45%
Hexagon Force 12★
45%
Blast Processing 10★
43%
Electroman Adventures 10★
38%
Geometrical Dominator 10★
38%
Dash 12★
38%
Theory of Everything 2 14★
38%
Fingerdash 12★
30%
No matching quizzes found
Score Distribution
Percent of People with Each Score
Percentile by Number Answered
Your Score History
You have not taken this quiz